[Event "Catalunya-chT Gp2"]
[Site "Barcelona"]
[Date "2024.01.20"]
[Round "1.10"]
[White "Catala Ulied, Bernat"]
[Black "Llaneza Vega, Patricia"]
[Result "0-1"]
[WhiteElo "1823"]
[BlackElo "2092"]
[PlyCount "90"]
[EventDate "2024.01.20"]
[EventType "team-tourn"]
[EventRounds "7"]
[EventCountry "ESP"]
[SourceTitle "CB06_2024"]
[SourceDate "2024.02.07"]
[SourceVersion "1"]
[SourceVersionDate "2024.02.07"]
[SourceQuality "1"]
[WhiteTeam "Vila Olimpica"]
[BlackTeam "Foment Martinenc"]
[WhiteTeamCountry "ESP"]
[BlackTeamCountry "ESP"]

1. Nf3 c5 2. c4 Nc6 3. d4 cxd4 4. Nxd4 Nf6 5. Nc3 e6 6. Nc2 d5 7. cxd5 exd5 8. e3 Bc5 9. Be2 0-0 10. 0-0 Be6 11. b3 Rc8 12. Bb2 Ne4 13. Bf3 Nxc3 14. Bxc3 Qg5 15. Re1 Ne5 16. Bxe5 Qxe5 17. Qd2 Bd6 18. g3 Qb2 19. Rec1 Rc5 20. Bd1 Rfc8 21. Rcb1 Qf6 22. Nd4 Be5 23. a3 Bf5 24. Rb2 Be4 25. f4 Bxd4 26. Qxd4 Qxd4 27. exd4 Rc1 28. Rba2 Bf3 29. Rxc1 Rxc1 30. Rc2 Rxd1+ 31. Kf2 Bg4 32. Rc7 h5 33. Rxb7 Rd2+ 34. Kg1 Rxd4 35. Rxa7 Rd3 36. Ra8+ Kh7 37. b4 Rb3 38. Rd8 Bf3 39. Kf2 Be4 40. Rd7 Kg6 41. Ra7 d4 42. Rd7 d3 43. Ke3 Bf5 44. Rd6+ f6 45. h3 Rxa3 0-1

[Event "Catalunya-chT Gp1"]
[Site "Barcelona"]
[Date "2022.03.12"]
[Round "8.9"]
[White "Castrillon Otero, Javier"]
[Black "Llaneza Vega, Patricia"]
[Result "0-1"]
[WhiteElo "2041"]
[BlackElo "2139"]
[PlyCount "104"]
[EventDate "2022.01.22"]
[EventType "team-tourn"]
[EventRounds "9"]
[EventCountry "ESP"]
[SourceTitle "CBM 208 Extra"]
[Source "ChessBase"]
[SourceDate "2022.07.31"]
[SourceVersion "1"]
[SourceVersionDate "2022.07.31"]
[SourceQuality "1"]
[WhiteTeam "Gerunda"]
[BlackTeam "Foment Martinenc"]
[WhiteTeamCountry "ESP"]
[BlackTeamCountry "ESP"]

1. d4 Nf6 2. c4 g6 3. Nc3 Bg7 4. e4 d6 5. h3 0-0 6. Nf3 e5 7. d5 a5 8. g4 Na6 9. Be3 Nd7 10. Rg1 Ndc5 11. Be2 Bd7 12. Qd2 c6 13. 0-0-0 cxd5 14. Qxd5 Bc6 15. Qxd6 Qxd6 16. Rxd6 Nxe4 17. Nxe4 Bxe4 18. Rgd1 Nb4 19. a3 Nc2 20. Bb6 Nd4 21. Nxd4 Bh6+ 22. Rd2 exd4 23. R6xd4 Rfe8 24. f3 Bxd2+ 25. Kxd2 Bc6 26. g5 Re7 27. f4 a4 28. Bd8 Rd7 29. Bf6 Re8 30. Rxd7 Bxd7 31. Bf3 Rc8 32. Bxb7 Rxc4 33. Be5 Bxh3 34. Ba6 Rc5 35. Bd4 Ra5 36. Bc4 Be6 37. Bxe6 fxe6 38. Kc3 Rb5 39. Kc4 Rb3 40. Kc5 Kf7 41. Be5 Ke7 42. Kc6 Kf7 43. Kc5 Re3 44. Kd4 Re2 45. Kd3 Rh2 46. Kc4 h5 47. gxh6 Rxh6 48. Kb4 Rh4 49. Kc5 Rg4 50. Kb5 g5 51. Kxa4 gxf4 52. b4 f3 0-1

[Event "Catalunya-chT Gp1"]
[Site "Barcelona"]
[Date "2022.02.26"]
[Round "6.9"]
[White "Llaneza Vega, Patricia"]
[Black "Dominguez Laguna, Eduard"]
[Result "1-0"]
[WhiteElo "2139"]
[BlackElo "1897"]
[PlyCount "71"]
[EventDate "2022.01.22"]
[EventType "team-tourn"]
[EventRounds "9"]
[EventCountry "ESP"]
[SourceTitle "CBM 208 Extra"]
[Source "ChessBase"]
[SourceDate "2022.07.31"]
[SourceVersion "1"]
[SourceVersionDate "2022.07.31"]
[SourceQuality "1"]
[WhiteTeam "Foment Martinenc"]
[BlackTeam "Badalona Cor de Marina"]
[WhiteTeamCountry "ESP"]
[BlackTeamCountry "ESP"]

1. e4 e6 2. d4 d5 3. Bd3 dxe4 4. Bxe4 Nf6 5. Bf3 c5 6. Ne2 Nc6 7. Be3 cxd4 8. Nxd4 Ne5 9. Nc3 Be7 10. Qe2 Nxf3+ 11. Qxf3 0-0 12. 0-0-0 Qa5 13. g4 Rd8 14. Nb3 Qb4 15. Bc5 Rxd1+ 16. Rxd1 Bxc5 17. Nxc5 Nd5 18. Nxd5 Qxc5 19. Nf6+ gxf6 20. Qxf6 Bd7 21. Rxd7 Rf8 22. h4 h5 23. gxh5 Qxh5 24. Rxb7 Qe2 25. b3 Qa6 26. Qg5+ Kh7 27. Qh5+ Kg8 28. Qg4+ Kh8 29. Qd4+ Kg8 30. Rxa7 Qc6 31. Qg4+ Kh8 32. Ra5 f5 33. Qh5+ Kg7 34. Qg5+ Kh8 35. Ra7 Qc3 36. Qh6+ 1-0

[Event "Catalunya-chT Gp1"]
[Site "Barcelona"]
[Date "2022.01.29"]
[Round "2.9"]
[White "Llaneza Vega, Patricia"]
[Black "Luke Brezmes, Cristofer"]
[Result "1-0"]
[WhiteElo "2139"]
[BlackElo "2040"]
[PlyCount "85"]
[EventDate "2022.01.22"]
[EventType "team-tourn"]
[EventRounds "9"]
[EventCountry "ESP"]
[SourceTitle "CBM 206 Extra"]
[Source "ChessBase"]
[SourceDate "2022.03.31"]
[SourceVersion "1"]
[SourceVersionDate "2022.03.31"]
[SourceQuality "1"]
[WhiteTeam "Foment Martinenc"]
[BlackTeam "Geva CEA"]
[WhiteTeamCountry "ESP"]
[BlackTeamCountry "ESP"]

1. e4 e6 2. d4 d5 3. Bd3 dxe4 4. Bxe4 Nf6 5. Bf3 c5 6. Ne2 Nc6 7. Be3 cxd4 8. Nxd4 Ne5 9. Nc3 Bb4 10. Ndb5 Bd7 11. a3 Bxb5 12. axb4 Nxf3+ 13. Qxf3 Bc6 14. Qg3 b6 15. b5 Bb7 16. 0-0 h5 17. Rfd1 Qe7 18. Rxa7 Rc8 19. Bxb6 h4 20. Qd6 Qxd6 21. Rxd6 Ne4 22. Rd7 Kxd7 23. Rxb7+ Ke8 24. Nxe4 Rxc2 25. h3 Rh5 26. Nd6+ Kf8 27. Rxf7+ Kg8 28. Rf4 Rxb2 29. Bc7 Rc5 30. b6 Rc1+ 31. Kh2 g5 32. Rg4 Rbb1 33. Rxg5+ Kf8 34. g3 Rh1+ 35. Kg2 Rhg1+ 36. Kf3 Rb3+ 37. Kf4 Rb4+ 38. Ne4 Kf7 39. b7 Re1 40. b8Q Rexe4+ 41. Kf3 Rxb8 42. Bxb8 Rb4 43. Bf4 1-0

[Event "Platja d'Aro op 8th"]
[Site "Platja d'Aro"]
[Date "2021.07.02"]
[Round "9"]
[White "Llaneza Vega, Patricia"]
[Black "Prats Rodriguez, Juan Bosco"]
[Result "1/2-1/2"]
[WhiteElo "2183"]
[BlackElo "2023"]
[PlyCount "83"]
[EventDate "2021.06.25"]
[EventType "swiss"]
[EventRounds "9"]
[EventCountry "ESP"]
[SourceTitle "CBM 203 Extra"]
[Source "ChessBase"]
[SourceDate "2021.09.30"]
[SourceVersion "1"]
[SourceVersionDate "2021.09.30"]
[SourceQuality "1"]

1. e4 d6 2. d4 Nf6 3. Nc3 g6 4. f4 Bg7 5. Nf3 0-0 6. Bd3 Nc6 7. e5 dxe5 8. fxe5 Nh5 9. Be3 Bg4 10. Be2 f6 11. exf6 exf6 12. d5 Ne7 13. Qd3 Nf5 14. Bd2 Re8 15. 0-0-0 Nd6 16. Nd4 Bxe2 17. Ncxe2 Ne4 18. Ne6 Rxe6 19. dxe6 Qxd3 20. cxd3 Nf2 21. Rdf1 Nxd3+ 22. Kc2 Ne5 23. Bc3 Ng4 24. Rf3 Bh6 25. Bd2 Bxd2 26. Kxd2 Ne5 27. Rc3 c6 28. Rb3 b6 29. Rc1 Rd8+ 30. Ke1 Re8 31. Rd1 Rxe6 32. Rd8+ Kf7 33. Kd1 c5 34. Re3 Re7 35. Nc3 Nf4 36. g3 Ne6 37. Ra8 Rd7+ 38. Kc1 Nd4 39. Rh8 Kg7 40. Re8 Kf7 41. Rh8 Kg7 42. Re8 1/2-1/2

[Event "Platja d'Aro op 8th"]
[Site "Platja d'Aro"]
[Date "2021.06.30"]
[Round "7"]
[White "Garcia Ramos, Marcos"]
[Black "Llaneza Vega, Patricia"]
[Result "1/2-1/2"]
[WhiteElo "2216"]
[BlackElo "2183"]
[PlyCount "79"]
[EventDate "2021.06.25"]
[EventType "swiss"]
[EventRounds "9"]
[EventCountry "ESP"]
[SourceTitle "CBM 203 Extra"]
[Source "ChessBase"]
[SourceDate "2021.09.30"]
[SourceVersion "1"]
[SourceVersionDate "2021.09.30"]
[SourceQuality "1"]

1. d4 Nf6 2. Bg5 c5 3. d5 Ne4 4. h4 Qb6 5. Nd2 Nxg5 6. hxg5 Qxb2 7. g6 Qf6 8. gxf7+ Qxf7 9. e4 g6 10. a4 d6 11. Ra3 Nd7 12. Ngf3 Qf6 13. Bb5 Bg7 14. e5 dxe5 15. Ne4 Qb6 16. Nfg5 a6 17. Qd2 axb5 18. a5 Nf6 19. axb6 Rxa3 20. 0-0 Nxe4 21. Nxe4 Ra4 22. Qe2 0-0 23. Ng5 Rc4 24. Ne6 Bxe6 25. dxe6 e4 26. Rd1 Bd4 27. Rxd4 Rxd4 28. Qxb5 Rd6 29. Qxc5 Rf6 30. c4 Rfxe6 31. Qc8+ Kg7 32. c5 Rc6 33. Qxb7 Rxc5 34. Qa7 Rc1+ 35. Kh2 Rb1 36. b7 Reb6 37. b8Q Rxb8 38. Qxe7+ Kg8 39. Qe6+ Kg7 40. Qe7+ 1/2-1/2

[Event "Catalunya-chT Gp1"]
[Site "Barcelona"]
[Date "2020.02.08"]
[Round "4.10"]
[White "Llaneza Vega, Patricia"]
[Black "Millaret Lores, Francesco"]
[Result "1-0"]
[WhiteElo "2152"]
[BlackElo "2041"]
[PlyCount "49"]
[EventDate "2020.01.18"]
[EventType "team-tourn"]
[EventRounds "7"]
[EventCountry "ESP"]
[SourceTitle "CBM 194 Extra"]
[Source "ChessBase"]
[SourceDate "2020.03.31"]
[SourceVersion "1"]
[SourceVersionDate "2020.03.31"]
[SourceQuality "1"]
[WhiteTeam "Foment Martinenc"]
[BlackTeam "Gerunda"]
[WhiteTeamCountry "ESP"]
[BlackTeamCountry "ESP"]

1. e4 c5 2. Nc3 a6 3. Nge2 e6 4. g3 b5 5. Bg2 Bb7 6. 0-0 Nc6 7. d4 cxd4 8. Nxd4 Nge7 9. Nxc6 Nxc6 10. Re1 d6 11. a4 b4 12. Nd5 exd5 13. exd5+ Ne7 14. Qg4 a5 15. c3 Bc8 16. Qc4 Rb8 17. Bf4 Rb6 18. cxb4 axb4 19. a5 Ba6 20. axb6 Bxc4 21. b7 Kd7 22. Ra8 Qc7 23. b8Q Qxb8 24. Rxb8 g6 25. Rb7+ 1-0

[Event "Saint Quentin op 1st"]
[Site "Saint Quentin"]
[Date "2019.07.10"]
[Round "6"]
[White "Neiksans, Arturs"]
[Black "Llaneza Vega, Patricia"]
[Result "1/2-1/2"]
[WhiteElo "2581"]
[BlackElo "2140"]
[PlyCount "120"]
[EventDate "2019.07.06"]
[EventType "swiss"]
[EventRounds "9"]
[EventCountry "FRA"]
[SourceTitle "CBM 191 Extra"]
[Source "ChessBase"]
[SourceDate "2019.09.30"]
[SourceVersion "1"]
[SourceVersionDate "2019.09.30"]
[SourceQuality "1"]

1. e4 c5 2. Nf3 Nc6 3. Bb5 g6 4. Bxc6 bxc6 5. d4 Bg7 6. dxc5 Qa5+ 7. Nbd2 Qxc5 8. 0-0 d6 9. Re1 Nf6 10. Nb3 Qb6 11. e5 dxe5 12. Nxe5 0-0 13. Bd2 Be6 14. Ba5 Qb5 15. Qe2 Rac8 16. c4 Qa4 17. Bc3 c5 18. Nd2 Rfd8 19. Ndf3 Ng4 20. Nxg4 Bxg4 21. Bxg7 Kxg7 22. b3 Qc6 23. Qb2+ Qf6 24. Ne5 Rd6 25. Qc3 Rcd8 26. Qe3 Bc8 27. Qxc5 Re6 28. Qe3 Bb7 29. f3 h5 30. Rac1 Ba8 31. Qc3 Kg8 32. Re3 Qg5 33. Rce1 f6 34. h4 Qg3 35. Nd3 Rxe3 36. Rxe3 Kf7 37. Qe1 Qxe1+ 38. Nxe1 Rd2 39. a3 g5 40. hxg5 fxg5 41. Re5 Kf6 42. Ra5 g4 43. Rxh5 g3 44. Rh8 Re2 45. Nd3 Rd2 46. Kf1 Rxd3 47. Rxa8 Rxb3 48. Rxa7 Rb2 49. Rd7 Rf2+ 50. Kg1 Ra2 51. Rd1 Rxa3 52. Rc1 Ke6 53. Kf1 Ra2 54. c5 Kd7 55. Rd1+ Kc6 56. Re1 Rf2+ 57. Kg1 Rc2 58. Kf1 Rf2+ 59. Kg1 Rc2 60. Kf1 Rf2+ 1/2-1/2

[Event "Catalunya-chT GpB final"]
[Site "Barcelona"]
[Date "2019.03.09"]
[Round "1.8"]
[White "Aranda Flores, Jordi"]
[Black "Llaneza Vega, Patricia"]
[Result "1/2-1/2"]
[WhiteElo "2158"]
[BlackElo "2152"]
[PlyCount "51"]
[EventDate "2019.03.09"]
[EventType "team-tourn"]
[EventRounds "4"]
[EventCountry "ESP"]
[SourceTitle "EXT 2020"]
[Source "ChessBase"]
[SourceDate "2019.10.17"]
[SourceVersion "1"]
[SourceVersionDate "2019.10.17"]
[SourceQuality "1"]
[WhiteTeam "Tres Peons"]
[BlackTeam "Foment Martinenc"]
[WhiteTeamCountry "ESP"]
[BlackTeamCountry "ESP"]

1. Nf3 Nf6 2. c4 g6 3. b3 Bg7 4. Bb2 0-0 5. g3 d6 6. d4 e5 7. dxe5 Nfd7 8. Nc3 Nxe5 9. Bg2 Nbc6 10. 0-0 Bg4 11. Nxe5 dxe5 12. h3 Be6 13. Nd5 Qd7 14. Kh2 Rfd8 15. Qe1 Nd4 16. Rd1 c6 17. Nc3 Qe7 18. e3 Nf5 19. Ne4 Rxd1 20. Qxd1 Rd8 21. Qe2 Qd7 22. Bc3 b6 23. Ng5 h6 24. Nxe6 Qxe6 25. Rd1 Rd6 26. Rxd6 1/2-1/2

[Event "Catalunya-chT Gp1"]
[Site "Barcelona"]
[Date "2019.03.02"]
[Round "7.7"]
[White "Vives Esmerat, Jaume"]
[Black "Llaneza Vega, Patricia"]
[Result "1-0"]
[WhiteElo "2296"]
[BlackElo "2139"]
[PlyCount "91"]
[EventDate "2019.01.19"]
[EventType "team-tourn"]
[EventRounds "7"]
[EventCountry "ESP"]
[SourceTitle "CBM 189 Extra"]
[Source "ChessBase"]
[SourceDate "2019.06.03"]
[SourceVersion "1"]
[SourceVersionDate "2019.06.03"]
[SourceQuality "1"]
[WhiteTeam "Figueres"]
[BlackTeam "Foment Martinenc"]
[WhiteTeamCountry "ESP"]
[BlackTeamCountry "ESP"]

1. e4 c5 2. b3 g6 3. Bb2 Nf6 4. Nc3 Nc6 5. Nd5 Bg7 6. Nxf6+ exf6 7. Bc4 0-0 8. Ne2 Re8 9. d3 f5 10. Bxg7 Kxg7 11. f3 Nd4 12. Nxd4 cxd4 13. 0-0 f4 14. Qd2 Qh4 15. c3 Re5 16. cxd4 Rh5 17. h3 Rg5 18. Kh1 Rg3 19. Rf2 d6 20. Rc1 Bd7 21. e5 Rc8 22. Rcf1 Bxh3 23. Kg1 dxe5 24. dxe5 Rg5 25. Re2 Bf5 26. Qe1 Qh6 27. e6 Rh5 28. Qa1+ f6 29. Kf2 Rh2 30. Ke1 Rh1 31. Qd4 Qh4+ 32. Kd2 Rxf1 33. Qd7+ Kh6 34. Qxc8 Qh1 35. Qb8 Rb1 36. Kc3 Qc1+ 37. Kb4 a5+ 38. Kb5 Qa3 39. Qxb7 Qd6 40. Qb6 Qe7 41. Qc5 Qe8+ 42. Kxa5 Rc1 43. Qd4 Qa8+ 44. Kb4 Qb8+ 45. Ka3 Rb1 46. e7 1-0

[Event "Catalunya-chT Gp1"]
[Site "Barcelona"]
[Date "2019.02.23"]
[Round "6.7"]
[White "Llaneza Vega, Patricia"]
[Black "Garcia Ramos, Daniel"]
[Result "0-1"]
[WhiteElo "2139"]
[BlackElo "2310"]
[PlyCount "68"]
[EventDate "2019.01.19"]
[EventType "team-tourn"]
[EventRounds "7"]
[EventCountry "ESP"]
[SourceTitle "CBM 189 Extra"]
[Source "ChessBase"]
[SourceDate "2019.06.03"]
[SourceVersion "1"]
[SourceVersionDate "2019.06.03"]
[SourceQuality "1"]
[WhiteTeam "Foment Martinenc"]
[BlackTeam "Colon Sabadell"]
[WhiteTeamCountry "ESP"]
[BlackTeamCountry "ESP"]

1. e4 c5 2. Nc3 Nc6 3. Bb5 e6 4. Bxc6 bxc6 5. d3 d5 6. f4 Nf6 7. e5 d4 8. exf6 dxc3 9. fxg7 Bxg7 10. b3 Ba6 11. Be3 Qd5 12. Qf3 0-0-0 13. Qxd5 Rxd5 14. 0-0-0 Kc7 15. Nf3 c4 16. dxc4 Ra5 17. a4 Bxc4 18. Ne5 Bd5 19. Bd4 Rg8 20. Bxc3 Ra6 21. Rhg1 h5 22. g3 c5 23. Bb2 f6 24. Nd3 Rc6 25. Rde1 Rb8 26. Ba3 Bf8 27. c4 Rxb3 28. cxd5 exd5 29. Bb2 Rxd3 30. Re8 Bd6 31. Bxf6 c4 32. Kc2 Bc5 33. Rb1 Rxf6 34. Rbb8 Bb6 0-1

[Event "Catalunya-chT Gp1"]
[Site "Barcelona"]
[Date "2019.02.09"]
[Round "4.9"]
[White "Llaneza Vega, Patricia"]
[Black "Plachkinova, Tatjana Georgieva"]
[Result "1-0"]
[WhiteElo "2139"]
[BlackElo "2059"]
[PlyCount "63"]
[EventDate "2019.01.19"]
[EventType "team-tourn"]
[EventRounds "7"]
[EventCountry "ESP"]
[SourceTitle "CBM 188 Extra"]
[Source "ChessBase"]
[SourceDate "2019.02.26"]
[SourceVersion "1"]
[SourceVersionDate "2019.02.26"]
[SourceQuality "1"]
[WhiteTeam "Foment Martinenc"]
[BlackTeam "Salou Escola Escacs"]
[WhiteTeamCountry "ESP"]
[BlackTeamCountry "ESP"]

1. e4 c5 2. Nc3 Nc6 3. Bb5 Nd4 4. Bc4 d6 5. Nge2 g6 6. 0-0 Bg7 7. d3 e6 8. f4 Ne7 9. f5 exf5 10. Nf4 0-0 11. Ncd5 Nxd5 12. Bxd5 Rb8 13. c3 Nc6 14. exf5 Bxf5 15. Nh5 Be6 16. Bxc6 bxc6 17. Nxg7 Kxg7 18. Qa4 c4 19. dxc4 Qb6+ 20. Rf2 Qc5 21. b3 Rbd8 22. Ba3 Qb6 23. c5 dxc5 24. Qf4 Rd5 25. Qf6+ Kg8 26. c4 Rd4 27. Bb2 h5 28. Re1 Qd8 29. Bxd4 Qxd4 30. Rxe6 Qd1+ 31. Rf1 Qxf1+ 32. Qxf1 1-0

[Event "Andorra op 36th"]
[Site "Escaldes"]
[Date "2018.07.29"]
[Round "9"]
[White "Demuth, Adrien"]
[Black "Llaneza Vega, Patricia"]
[Result "1-0"]
[WhiteElo "2524"]
[BlackElo "2099"]
[PlyCount "77"]
[EventDate "2018.07.21"]
[EventType "swiss"]
[EventRounds "9"]
[EventCountry "AND"]
[SourceTitle "CBM 185 Extra"]
[Source "ChessBase"]
[SourceDate "2018.07.29"]
[SourceVersion "1"]
[SourceVersionDate "2018.07.29"]
[SourceQuality "1"]

1. d4 Nf6 2. c4 g6 3. Nc3 Bg7 4. e4 d6 5. Bd3 0-0 6. Nge2 Nc6 7. 0-0 Nh5 8. Bc2 e5 9. d5 Ne7 10. f4 f5 11. exf5 gxf5 12. fxe5 dxe5 13. Bg5 Bf6 14. Bxf6 Rxf6 15. Qe1 Qf8 16. Qh4 Rh6 17. Qg5+ Qg7 18. Qxg7+ Nxg7 19. Rae1 Ng6 20. Nb5 c6 21. dxc6 bxc6 22. Nd6 Ne7 23. c5 Be6 24. Ng3 e4 25. Bb3 Bxb3 26. axb3 Rb8 27. Ra1 Nc8 28. Nxc8 Rxc8 29. Rxa7 Rb8 30. Rxg7+ Kxg7 31. Nxf5+ Kg6 32. Nxh6 Kxh6 33. Rf6+ Kg5 34. Rxc6 Rxb3 35. Rb6 Rd3 36. Rd6 Rb3 37. Rb6 Rd3 38. Rd6 Rb3 39. Rd2 1-0

[Event "Andorra op 36th"]
[Site "Escaldes"]
[Date "2018.07.28"]
[Round "8"]
[White "Llaneza Vega, Patricia"]
[Black "Berkovich, Mark A"]
[Result "1-0"]
[WhiteElo "2099"]
[BlackElo "2344"]
[PlyCount "61"]
[EventDate "2018.07.21"]
[EventType "swiss"]
[EventRounds "9"]
[EventCountry "AND"]
[SourceTitle "CBM 185 Extra"]
[Source "ChessBase"]
[SourceDate "2018.07.29"]
[SourceVersion "1"]
[SourceVersionDate "2018.07.29"]
[SourceQuality "1"]

1. e4 d6 2. d4 Nf6 3. Nc3 e5 4. Nf3 Nbd7 5. Bc4 Be7 6. 0-0 0-0 7. Re1 c6 8. a4 a5 9. h3 Qc7 10. Ba2 h6 11. Nh4 Re8 12. Nf5 Bf8 13. Qd3 Nb6 14. dxe5 dxe5 15. Qf3 Bxf5 16. Qxf5 Nh7 17. Be3 Ng5 18. Bxg5 hxg5 19. Qxg5 Rad8 20. Re3 Qe7 21. Qh5 Nd7 22. Rf3 Nf6 23. Qg5 Rd7 24. h4 Qd8 25. h5 Nh7 26. Qg4 Ree7 27. h6 Rd6 28. hxg7 Bxg7 29. Rg3 Qf8 30. Rd1 Rh6 31. Rd8 1-0

[Event "Andorra op 36th"]
[Site "Escaldes"]
[Date "2018.07.26"]
[Round "6"]
[White "Llaneza Vega, Patricia"]
[Black "Ferrante, Marco"]
[Result "1/2-1/2"]
[WhiteElo "2099"]
[BlackElo "2290"]
[PlyCount "123"]
[EventDate "2018.07.21"]
[EventType "swiss"]
[EventRounds "9"]
[EventCountry "AND"]
[SourceTitle "CBM 185 Extra"]
[Source "ChessBase"]
[SourceDate "2018.07.29"]
[SourceVersion "1"]
[SourceVersionDate "2018.07.29"]
[SourceQuality "1"]

1. e4 e6 2. Nf3 d5 3. Nc3 Nf6 4. e5 Nfd7 5. d4 c5 6. dxc5 Nc6 7. Bf4 Be7 8. Bg3 Nxc5 9. a3 0-0 10. Bd3 f5 11. exf6 Bxf6 12. 0-0 Qb6 13. b4 Nxd3 14. Qxd3 Nd4 15. Rad1 Nxf3+ 16. Qxf3 Bd7 17. Ne2 Ba4 18. Nf4 Bxc2 19. Rc1 Be4 20. Qg4 Bf5 21. Qf3 Bb2 22. Rc5 Kh8 23. Nh5 Rf7 24. Qe3 Bg4 25. Qg5 Bxh5 26. Qxh5 Rf5 27. Qe2 Bd4 28. Bc7 Qa6 29. Qxa6 bxa6 30. Rc6 e5 31. Bd6 Rf6 32. Rfc1 Bxf2+ 33. Kh1 h6 34. Bxe5 Rxc6 35. Rxc6 Re8 36. Rxh6+ Kg8 37. Rh5 d4 38. g3 Be3 39. Bf4 Bxf4 40. gxf4 Rd8 41. Re5 d3 42. Re1 d2 43. Rd1 Kf7 44. Kg2 Kf6 45. Kf3 Kf5 46. Ke2 Ke4 47. Rxd2 Rxd2+ 48. Kxd2 Kxf4 49. Kd3 Kf3 50. Kd4 Kg2 51. Ke5 Kxh2 52. Kf5 Kg3 53. Kg6 Kf4 54. Kxg7 Ke5 55. Kf7 Kd5 56. Ke7 Kc6 57. Ke6 Kb5 58. Kd5 Ka4 59. Kc6 a5 60. Kb7 axb4 61. axb4 Kxb4 62. Kxa7 1/2-1/2

[Event "Andorra op 36th"]
[Site "Escaldes"]
[Date "2018.07.24"]
[Round "4"]
[White "Llaneza Vega, Patricia"]
[Black "Gomez Anadon, Daniel"]
[Result "1-0"]
[WhiteElo "2099"]
[BlackElo "2228"]
[PlyCount "115"]
[EventDate "2018.07.21"]
[EventType "swiss"]
[EventRounds "9"]
[EventCountry "AND"]
[SourceTitle "CBM 185 Extra"]
[Source "ChessBase"]
[SourceDate "2018.07.29"]
[SourceVersion "1"]
[SourceVersionDate "2018.07.29"]
[SourceQuality "1"]

1. e4 c5 2. Nf3 d6 3. d4 Nf6 4. Nc3 cxd4 5. Nxd4 a6 6. Qf3 Nbd7 7. Be2 e6 8. Be3 Qc7 9. g4 Ne5 10. Qg2 Nc4 11. Bxc4 Qxc4 12. g5 Nh5 13. 0-0-0 g6 14. Nde2 b5 15. Rd4 Qc6 16. Rhd1 Be7 17. Ng3 Ng7 18. f4 Rb8 19. Qe2 b4 20. Rc4 Qb7 21. Nb1 e5 22. fxe5 dxe5 23. Bc5 Bxc5 24. Rxc5 Qe7 25. Qd2 Bg4 26. Qd6 Qxd6 27. Rxd6 Ne6 28. Rxe5 h6 29. gxh6 Rxh6 30. Rd2 Ke7 31. a3 Rh4 32. axb4 Rxb4 33. Nc3 Rc4 34. Ra5 Nc7 35. Nf1 Be6 36. Ne3 Rxc3 37. bxc3 Rxe4 38. Rc5 Nb5 39. Nd5+ Kd6 40. Nf6+ Kxc5 41. Nxe4+ Kc4 42. Kb2 f5 43. Nd6+ Kc5 44. Nxb5 axb5 45. h4 Bd5 46. Rf2 Be4 47. Kc1 Kd5 48. Kd2 Ke5 49. Ke3 Bd5 50. Rf1 Be4 51. Rb1 f4+ 52. Kf2 Bc6 53. Rb4 Kf5 54. c4 bxc4 55. Rxc4 Ba8 56. Rc8 Be4 57. Rf8+ Kg4 58. c4 1-0

[Event "Platja d'Aro op 5th"]
[Site "Platja d'Aro"]
[Date "2017.06.27"]
[Round "3"]
[White "Llaneza Vega, Patricia"]
[Black "Perez Mondejar, Adler"]
[Result "1/2-1/2"]
[WhiteElo "2271"]
[BlackElo "1773"]
[PlyCount "81"]
[EventDate "2017.06.25"]
[EventType "swiss"]
[EventRounds "9"]
[EventCountry "ESP"]
[SourceTitle "EXT 2018"]
[Source "ChessBase"]
[SourceDate "2017.10.13"]
[SourceVersion "1"]
[SourceVersionDate "2017.10.13"]
[SourceQuality "1"]

1. e4 c5 2. Nc3 d6 3. f4 Nc6 4. Nf3 e6 5. Bb5 Bd7 6. 0-0 Be7 7. d3 Nf6 8. e5 dxe5 9. Nxe5 Qc7 10. Nxd7 Qxd7 11. Qf3 Rc8 12. Bd2 a6 13. Bxc6 Qxc6 14. Rae1 Qxf3 15. Rxf3 Kd7 16. f5 exf5 17. Rxf5 Rhe8 18. Ref1 h6 19. Kh1 Rc6 20. Nd5 Nxd5 21. Rxd5+ Ke6 22. c4 Rd6 23. Bc3 f6 24. Rxc5 Rxd3 25. Rc7 Rd7 26. Re1+ Kd6 27. Rxd7+ Kxd7 28. g3 Bd6 29. Rxe8 Kxe8 30. b3 Kd7 31. Kg2 Ke6 32. Kf3 h5 33. h3 g5 34. g4 hxg4+ 35. hxg4 f5 36. Bd2 f4 37. a4 Be7 38. Ke4 Kd6 39. Bb4+ Kd7 40. Be1 Kc6 41. Bc3 1/2-1/2

[Event "Catalunya-chT Gp2"]
[Site "Barcelona"]
[Date "2017.02.18"]
[Round "5.7"]
[White "Llaneza Vega, Patricia"]
[Black "Garcia Acosta, Roger"]
[Result "1-0"]
[WhiteElo "2167"]
[BlackElo "2116"]
[PlyCount "59"]
[EventDate "2017.01.21"]
[EventType "team-tourn"]
[EventRounds "7"]
[EventCountry "ESP"]
[SourceTitle "EXT 2018"]
[Source "ChessBase"]
[SourceDate "2017.10.13"]
[SourceVersion "1"]
[SourceVersionDate "2017.10.13"]
[SourceQuality "1"]
[WhiteTeam "Foment Martinenc"]
[BlackTeam "Cerdanyola Valles"]
[WhiteTeamCountry "ESP"]
[BlackTeamCountry "ESP"]

1. e4 e5 2. Nf3 Nc6 3. Bb5 a6 4. Ba4 Nf6 5. 0-0 Be7 6. d4 exd4 7. e5 Ne4 8. Re1 Nc5 9. Bxc6 dxc6 10. Nxd4 0-0 11. Nc3 Ne6 12. Nf5 Bg5 13. Qxd8 Nxd8 14. Ng3 Bxc1 15. Raxc1 Ne6 16. Rcd1 b6 17. Nf5 Bb7 18. Nd4 Nf4 19. g3 Nd5 20. Nxc6 Nxc3 21. Ne7+ Kh8 22. bxc3 Rad8 23. Rd4 Rxd4 24. cxd4 Rd8 25. c3 c5 26. Nf5 cxd4 27. cxd4 Bd5 28. Nd6 Bxa2 29. e6 Bxe6 30. Rxe6 1-0

[Event "Catalunya-chT Gp2"]
[Site "Barcelona"]
[Date "2017.02.11"]
[Round "4.6"]
[White "Llaneza Vega, Patricia"]
[Black "Bofill Mas, Alejandro"]
[Result "1-0"]
[WhiteElo "2167"]
[BlackElo "2340"]
[PlyCount "99"]
[EventDate "2017.01.21"]
[EventType "team-tourn"]
[EventRounds "7"]
[EventCountry "ESP"]
[SourceTitle "CBM 176 Extra"]
[Source "ChessBase"]
[SourceDate "2017.03.02"]
[SourceVersion "1"]
[SourceVersionDate "2017.03.02"]
[SourceQuality "1"]
[WhiteTeam "Foment Martinenc"]
[BlackTeam "Barcelona Escola Escacs"]
[WhiteTeamCountry "ESP"]
[BlackTeamCountry "ESP"]

1. e4 c5 2. Nc3 e6 3. g3 Nc6 4. Bg2 g6 5. Nge2 Bg7 6. d3 Nge7 7. Be3 Nd4 8. 0-0 d6 9. Qd2 0-0 10. Nd1 Nec6 11. c3 Qa5 12. cxd4 Qxd2 13. Bxd2 cxd4 14. f4 Bd7 15. Nf2 a5 16. Rac1 a4 17. a3 Ra6 18. e5 dxe5 19. Ne4 Rb6 20. Rc2 Ra8 21. Nc5 Be8 22. Rfc1 Bf8 23. fxe5 Bxc5 24. Rxc5 Rxb2 25. R1c2 Rb1+ 26. Kf2 Rb3 27. Bxc6 bxc6 28. Nxd4 Rxd3 29. Bc3 Rd8 30. Nxc6 Bxc6 31. Rxc6 h5 32. Bb4 R8d5 33. Rd6 g5 34. Rc8+ Kg7 35. Rxd5 Rxd5 36. Ra8 Kg6 37. Rxa4 Rxe5 38. Ra5 Re4 39. Bd2 f6 40. Rb5 Rc4 41. Rb2 h4 42. Bb4 hxg3+ 43. hxg3 e5 44. a4 f5 45. a5 Rc6 46. Rd2 Kh5 47. Rd5 Re6 48. Bd6 e4 49. a6 e3+ 50. Ke2 1-0